Diccionario de la lengua castellana / (Record no. 163055)

MARC details
000 -LEADER
campo de control de longitud fija 01481nam a2200277 i 4500
001 - NÚMERO DE CONTROL
campo de control 163055
003 - IDENTIFICADOR DE NÚMERO DE CONTROL
campo de control ES-MaACL
005 - FECHA Y HORA DE LA ÚLTIMA TRANSACCIÓN
campo de control 20230929062537.0
008 - DATOS DE LONGITUD FIJA--INFORMACIÓN GENERAL
campo de control de longitud fija 931025s1791 sp f d |||| | spa d
040 ## - FUENTE DE CATALOGACIÓN
Centro catalogador/agencia de origen PAB
Lengua de catalogación spa
Centro/agencia transcriptor PAB
110 2# - ENTRADA PRINCIPAL--NOMBRE DE ENTIDAD CORPORATIVA
Nombre de entidad corporativa o nombre de jurisdicción como elemento de entrada Real Academia Española
9 (RLIN) 6336
245 10 - MENCIÓN DEL TÍTULO
Título Diccionario de la lengua castellana /
Mención de responsabilidad, etc. compuesto por la Real Academia Española ; reducido a un solo tomo para su más fácil uso.
250 ## - MENCION DE EDICION
Mención de edición Tercera edición, en la qual se han colocado en los lugares correspondientes todas la voces de los suplementos, que se pusieron al fin de las ediciones de los años de 1780 y 1783, y se han intercalado en las letras D. E. y F. nuevos artículos, de los quales se dará un suplemento separado.
260 ## - PUBLICACIÓN, DISTRIBUCIÓN, ETC.
Lugar de publicación, distribución, etc. Madrid :
Nombre del editor, distribuidor, etc. por la viuda de don Joaquín Ibarra,
Fecha de publicación, distribución, etc. 1791.
300 ## - DESCRIPCIÓN FÍSICA
Extensión [8], 867 p., [1] h. de grab. ;
Dimensiones Fol.
530 ## - NOTA DISPONIBLE DE FORMULARIO FÍSICO ADICIONAL
Nota de formato físico adicional disponible Disponible en formato digital.
597 ## - NOTA DE DESCRIPCIÓN FÍSICA
NOTA DE DESCRIPCIÓN FÍSICA Sign.: [ ]4, A-Z4, 2A-2Z4, 3A-3Z4, 4A-4Z4, 5A-5Q4, 5R2.
597 ## - NOTA DE DESCRIPCIÓN FÍSICA
NOTA DE DESCRIPCIÓN FÍSICA Port. con grab. xil.
597 ## - NOTA DE DESCRIPCIÓN FÍSICA
NOTA DE DESCRIPCIÓN FÍSICA Texto a tres col.
597 ## - NOTA DE DESCRIPCIÓN FÍSICA
NOTA DE DESCRIPCIÓN FÍSICA Antep.
599 ## - NOTA A LAS ILUSTRACIONES
NOTA A LAS ILUSTRACIONES La h. de grab. calc.: "Reg. piet. Ant. Palomino inv. et delin. Joan Palomino sculp. M\pti\s â 1725"
650 04 - PUNTO DE ACCESO ADICIONAL DE MATERIA--TÉRMINO DE MATERIA
Término de materia o nombre geográfico como elemento de entrada Lengua española-
Subdivisión de forma Diccionarios.
9 (RLIN) 14137
852 ## - LOCALIZACIÓN
Ubicación ES-MaACL
Número de control de estantería R-96
Nota libre - Enc. piel marrón gofrada
-- . - Ex-libris man. de Rafael de Nieva
Encuadernación - Olim: B-8096
856 ## - LOCALIZACIÓN Y ACCESO ELECTRÓNICOS
Identificador Uniforme de Recursos <a href="http://bdh-rd.bne.es/viewer.vm?id=0000146138&page=1 ">http://bdh-rd.bne.es/viewer.vm?id=0000146138&page=1 </a>
Nota pública Biblioteca Digital Hispánica
Holdings
Estatus retirado Estado de pérdida Estado de daño No para préstamo Colección Biblioteca de origen Biblioteca actual Ubicación en estantería Fecha de adquisición Fuente de adquisición Total de préstamos Signatura topográfica completa Código de barras Visto por última vez Precio de reemplazo Tipo de ítem Koha
        Colección digital Biblioteca del Ateneo de Madrid Biblioteca del Ateneo de Madrid Depósito 17/01/2008     R-96 1170850 23/02/2023 23/02/2023 Libro impreso antiguo